The Impact of International Grants and EU Programs on the Development of the Tourism Industry in Ukraine
Na Ukrajine nie je tempo rozvoja odvetvia turistických služieb také dynamické ako vo svete. Ukazuje sa, že najlepšie výsledky v oblasti rozvoja cestovného ruchu, založené na synergii, možno dosiahnuť integráciou a súčasnou realizáciou turistických a kultúrnych projektov.
Gespeichert in:
| 1. Verfasser: | |
|---|---|
| Weitere Verfasser: | , , , , |
| Format: | Buchkapitel |
| Sprache: | Englisch |
| Schlagworte: | |
| Tags: |
Keine Tags, Fügen Sie das erste Tag hinzu!
|
MARC
| LEADER | 00000naa a2200000 4500 | ||
|---|---|---|---|
| 001 | 0312096 | ||
| 005 | 20250908101827.8 | ||
| 041 | 0 | |a eng | |
| 044 | |a CA | ||
| 245 | 1 | 0 | |a The Impact of International Grants and EU Programs on the Development of the Tourism Industry in Ukraine |
| 520 | |a Na Ukrajine nie je tempo rozvoja odvetvia turistických služieb také dynamické ako vo svete. Ukazuje sa, že najlepšie výsledky v oblasti rozvoja cestovného ruchu, založené na synergii, možno dosiahnuť integráciou a súčasnou realizáciou turistických a kultúrnych projektov. | ||
| 610 | 2 | 0 | |a ruch cestovný |
| 610 | 2 | 0 | |a Ukrajina |
| 610 | 2 | 0 | |a Európska únia |
| 610 | 2 | 0 | |a granty |
| 610 | 2 | 0 | |a rozvoj regionálny |
| 610 | 2 | 0 | |a udržateľnosť |
| 100 | 1 | |a Karpenko, Lidiia | |
| 700 | 1 | |a Kucharčík, Rudolf, 1977- | |
| 700 | 1 | |a Brocková, Katarína, 1976- | |
| 700 | 1 | |a Jančovič, Peter, 1995- | |
| 700 | 1 | |a Korchovyi, Dmytro | |
| 700 | 1 | |a Korchovа, Tetiana | |